Environmental Protection Policy for the Restaurant Business.
Rozvoj programov ochrany životného prostredia v reštauračnom podnikaní na príklade firmy Mc Donald (recyklovanie materiálov, biodegradácia a odpad z umelej hmoty, štruktúra odpadu). Program 5 krokov (od štandardizácie baliacich materiálov, ich redukciu, ručné triedenie pre recykláciu k novým technol...
Uložené v:
| Hlavný autor: | |
|---|---|
| Médium: | Kapitola |
| Jazyk: | English |
| Predmet: | |
| Tagy: |
Žiadne tagy, Buďte prvý, kto otaguje tento záznam!
|
MARC
| LEADER | 00000naa a2200000 4500 | ||
|---|---|---|---|
| 001 | r006164 | ||
| 005 | 20221130103951.5 | ||
| 041 | 0 | |a eng | |
| 044 | |a DE | ||
| 245 | 1 | 0 | |a Environmental Protection Policy for the Restaurant Business. |c T.P. Oehl |
| 520 | |a Rozvoj programov ochrany životného prostredia v reštauračnom podnikaní na príklade firmy Mc Donald (recyklovanie materiálov, biodegradácia a odpad z umelej hmoty, štruktúra odpadu). Program 5 krokov (od štandardizácie baliacich materiálov, ich redukciu, ručné triedenie pre recykláciu k novým technológiám). Integrácia ekologického faktora do stratégie firmy v kvalitatívnom managemente a marketing. | ||
| 610 | 2 | 0 | |a ochrana prostredia životného |
| 610 | 2 | 0 | |a zariadenia stravovacie |
| 610 | 2 | 0 | |a McDonald's |
| 610 | 2 | 0 | |a recyklácia odpadu |
| 610 | 2 | 0 | |a technológie nové |
| 610 | 2 | 0 | |a manažment |
| 610 | 2 | 0 | |a marketing |
| 100 | 1 | |a Oehl, T.P. | |